| 000 | 00000nam##2200000za#4500 |
| 001 | 9.624043 |
| 003 | CaOODSP |
| 005 | 20240212134142 |
| 007 | ta |
| 008 | 150406|1996||||xxc||||| f|0| 0 fre|d |
| 022 | |a0825-0189 |
| 040 | |aCaOODSP|bfre |
| 043 | |an-cn--- |
| 086 | 1 |aNE12-3/5-1996F |
| 110 | 1 |aCanada. |bOffice national de l'énergie. |
| 245 | 10|aLes publications de l'Office ébauche |
| 260 | |aCalgary - Alberta : |bOffice national de l'énergie |c1996. |
| 300 | |a8p. ; |c28 cm. |
| 490 | 1 |aBulletin d'information |x0825-0189|vV |
| 500 | |a«Le bulletin décrit les diverse publications produites par l'Office national de l'énergie, ainsi que la marche à suivre pour les obtenir.»--Couverture. |
| 520 | 3 |aLe bulletin décrit les diverse publications produites par l'Office national de l'énergie, ainsi que la marche à suivre pour les obtenir.--Couverture |
| 563 | |aPolycopié |
| 590 | |a96-39|b1996-09-27 |
| 776 | 0#|tLes publications de l'Office |w(CaOODSP)9.603160 |
| 830 | #0|aBulletin d'information,|x0825-0189|vV|w(CaOODSP)9.513158 |